Statistics for Islands By Country

Click here to take the quiz!

General Stats

  • This quiz has been taken 31 times
  • The average score is 15 of 20

Answer Stats

IslandCountry% Correct
CreteGreece
100%
BaliIndonesia
94%
SardiniaItaly
90%
Isle of ManUnited Kingdom
90%
TasmaniaAustralia
87%
IbizaSpain
87%
HokkaidoJapan
84%
Easter IslandChile
81%
North IslandNew Zealand
81%
ZanzibarTanzania
81%
CorsicaFrance
77%
AlcatrazUnited States of America
77%
LuzonPhilippines
71%
Baffin IslandCanada
68%
HainanChina
68%
ZealandDenmark
68%
JejuSouth Korea
65%
BonaireNetherlands
61%
HelgolandGermany
42%
PorecCroatia
32%

Score Distribution

Percentile by Number Answered

Percent of People with Each Score

Your Score History

You have not taken this quiz